000 01084nam a22001817a 4500
010 _aHIN-130347
020 _a9788119349012
_c400
035 _aHN-102693
037 _bDBAD
082 _a921
100 _aराय,आदित्य प्रसन्न
_984552
245 _aभगतसिंह का जिगरी दोस्त शहीद मृत्युविजयी यतीन्द्रनाथ दास/
_cआदित्य प्रसन्न राय; पं सत्यनारायण शर्मा द्वारा सम्पादित
260 _aदिल्ली
_bशिलालेख पब्लिशर्स
_c2023
270 _a4/32 ग्राउंड फ्लोर, सुभाष गली, विशवास नगर, शाहदरा
_bदिल्ली
_e110032
_mcentraloffice@oreintblackswan.com
300 _a160पृष्ठ;
_c23सेमी(सजिल्द)
700 _aशर्मा, पं सत्यनारायण
_984553
942 _2ddc
_cHN
_h921
_mराय
999 _c213272
_d213272